Chuyện nghề chuyện người hồi ký
Thuở ban đầu (1975 - 1985). Thời tăng tốc (1986 - 2000). Trong thế giới phẳng (2001 - 2015). Báo trong thơ - Thơ trong báo.
Spremljeno u:
| Autor kompanije: | |
|---|---|
| Format: | Knjiga |
| Jezik: | Vietnamese |
| Izdano: |
Tp.HCM
Nxb. Trẻ
2015
|
| Teme: | |
| Oznake: |
Dodaj oznaku
Bez oznaka, Budi prvi tko označuje ovaj zapis!
|
| Thư viện lưu trữ: | Mạng thư viện Đại học Đà Nẵng |
|---|
| LEADER | 01220nam a2200337 4500 | ||
|---|---|---|---|
| 001 | 000024106 | ||
| 003 | 20585 | ||
| 005 | 20161011151058.0 | ||
| 008 | 161007s2015 viesd | ||
| 020 | |a 9786041077744 |c 110000đ | ||
| 041 | 0 | |a vie | |
| 082 | 1 | 4 | |a 079.597 |b TUÔ |
| 110 | 1 | |a Tuổi trẻ | |
| 245 | 1 | 0 | |a Chuyện nghề chuyện người |b hồi ký |c Tuổi trẻ |
| 260 | |a Tp.HCM |b Nxb. Trẻ |c 2015 | ||
| 300 | |a 308 tr. |b ảnh |c 23 cm. | ||
| 520 | 3 | |a Thuở ban đầu (1975 - 1985). Thời tăng tốc (1986 - 2000). Trong thế giới phẳng (2001 - 2015). Báo trong thơ - Thơ trong báo. | |
| 650 | 0 | 4 | |a Nghề làm báo |y 1975 - 2015 |z Việt Nam |
| 650 | 0 | 4 | |a Báo chí |z Việt Nam |
| 653 | |a Nhà báo | ||
| 653 | |a Báo Tuổi trẻ | ||
| OWN | |a LSP | ||
| AVA | |a UDN50 |b LSP |d 079.597 TUÔ |e available |t Error 5001 Not defined in file expand_doc_bib_avail. |f 3 |g 0 |h N |i 0 |k 1 | ||
| 999 | |a From the UDN01 | ||
| AVA | |a UDN50 |b LSP |d 079.597 TUÔ |e available |t Error 5001 Not defined in file expand_doc_bib_avail. |f 3 |g 0 |h N |i 0 |k 1 | ||
| TYP | |a Monograph | ||
| TYP | |a Printed language | ||
| 980 | |a Mạng thư viện Đại học Đà Nẵng | ||


